A cidadania explicada aos jovens... e aos outros (Registo nº 690)
[ vista simples ]
| 000 -Etiqueta do registo | |
|---|---|
| Cabeçalho | 00876cam a2200325 4500 |
| 005 - Identificador da versão | |
| Campo de controlo | 20240813121809.0 |
| 010 ## - Número internacional normalizado dos livros (ISBN) | |
| Número (ISBN) | 9727102700 |
| 021 ## - Número do Depósito Legal | |
| Código do país | PT |
| Número | 150425/00 |
| 035 ## - Other System Control Numbers | |
| System Control Number | 0000719 |
| System Control Number | 0000715 |
| System Control Number | 0000715 |
| System Control Number | 0000703 |
| 100 ## - Dados gerais de processamento | |
| Dados gerais de processamento | 20001113d2000 m y0pory5003 ba |
| 102 ## - Pais de publicação ou produção | |
| País de publicação | Portugal |
| 101 0# - Língua de publicação | |
| Língua do texto, banda sonora, etc. | Português |
| 106 ## - Campo de dados codificados: material textual | |
| Dados codificados do material textual | r |
| 105 ## - Campo de dados codificados: livros | |
| Dados codificados dos livros | a z 001yy |
| 215 ## - Descrição física | |
| Indicação específica da natureza do documento e extensão da espécie | 85, [2] p. |
| Outras indicações físicas | il. |
| Dimensões | 20 cm |
| 200 1# - Titulo e menção de responsabilidade | |
| Título próprio | A cidadania explicada aos jovens... e aos outros |
| Primeira menção de responsabilidade | José Jorge Letria |
| Outras menções de responsabilidade | il. André Letria |
| 225 2# - Colecção | |
| Título próprio da colecção | Caminhos da liberdade |
| Indicação de volume | 8 |
| 210 ## - Publicação, Distribuição, etc. | |
| Lugar da edição, distribuição, etc. | Lisboa |
| Nome do editor, distribuidor, etc. | Terramar |
| Data da publicação, distribuição, etc. | 2000 |
| 675 ## - Classificação Decimal Universal (CDU) | |
| Notação | 087.5 |
| Edição | BN |
| Língua da edição | por |
| Notação | 347.176 |
| Edição | BN |
| Língua da edição | por |
| Notação | 342.7 |
| Edição | BN |
| Língua da edição | por |
| 702 #1 - Nome de autor-pessoa física (responsabilidade secundária) | |
| Número de registo de entrada de autoridade | 0000909 |
| Palavra de ordem | Letria |
| Outra parte do nome não tomada para palavra de ordem | André |
| Datas | 1973- |
| Código de função | Ilustrador / Técnico de desenho computorizado |
| 700 #1 - Nome de autor-pessoa física (responsabilidade principal) | |
| Número de registo de entrada de autoridade | 0000712 |
| Palavra de ordem | Letria |
| Outra parte do nome não tomada para palavra de ordem | José Jorge |
| Datas | 1951- |
| 942 ## - Elementos de entrada adicionados (Koha) | |
| Tipo de item no Koha | Livro |
| Situação do levantamento | Origin of item (home branch) (coded) | Biblioteca de empréstimo | Código de barras | Cota | Circulation type (not for loan) | Tipo de documento | Nota do exemplar | Damaged status |
|---|---|---|---|---|---|---|---|---|
| Biblioteca Escolar Eng. Nuno Mergulhão | Biblioteca Escolar Eng. Nuno Mergulhão | BENM1178 | 30 LET | Livro | Sem mensagem |
